| 000 | nam a22 7a 4500 | ||
|---|---|---|---|
| 999 |
_c127011 _d127011 |
||
| 008 | 171003b xxu||||| |||| 00| 0 eng d | ||
| 020 | _a9780199685356 | ||
| 050 | _aBD241.Z74 | ||
| 100 |
_aZimmermann, Jens _936653 |
||
| 245 |
_aHermeneutics _ba very short introduction _cJens Zimmermann |
||
| 260 |
_aOxford _bOxford University Press _c2015 |
||
| 300 |
_axiv, 159p. ; _c17cm. |
||
| 440 |
_aVery short introductions _936654 |
||
| 650 |
_aHermeneutics _936655 |
||
| 942 |
_2lcc _cMONOGRAPH |
||